000 00465nam a22001697a 4500
005 20160614170027.0
008 160614b xxu||||| |||| 00| 0 eng d
020 _a81-7188-317-7
041 _aeng
082 _b7585
100 _aandersen Business Consulty IIM Lucknow, and IIT
_91931
245 _aIndias Manufaturing Sector (Policy Frame Work)
260 _aNew Delhi
_bAcademic Foundation,
_c2003
300 _a350
650 _aManagement
_9241
942 _cBK
999 _c2710
_d2709